000 00715cad a22002055a 4500
001 L142801
008 080311s2008 xxkad f 000 0 eng d
035 _a(Sirsi) u142801
041 0 _aeng
050 0 4 _a333.33 $2 18
110 2 _aProperty Data Limited
_93654
245 0 0 _aInvestment agent league tables 2007
_h[electronic resource]
260 _aLondon
_bProperty Data Limited
_c2008
520 _aLists the top 50 UK investment agents. Includes sector breakdowns.
590 _aKA
651 4 _aUnited Kingdom
_y
690 _aPROPERTY-COMMERCIAL PROPERTY-COMMERCIAL PROPERTY MARKET
856 4 0 _uhttps://www.propertydata.com/
_zView the resource free of charge at www. propertydata.com...
942 _n0
999 _c107979
_d107979